Institutiones dialecticae, vulgo summulae, ad primam partem philosophici cursus pertinentes (Record no. 8774)

MARC details
000 -CABECERA
campo de control de longitud fija 00726nam a2200205 a 4500
001 - NÚMERO DE CONTROL
campo de control BRCA_9126
005 - FECHA Y HORA DE LA ÚLTIMA TRANSACCIÓN
campo de control 20190320210528.0
008 - DATOS DE LONGITUD FIJA--INFORMACIÓN GENERAL
campo de control de longitud fija 051017s1721----sp-#######---#000-0#lat-#
041 ## - CÓDIGO DE LENGUA
Código de lengua del texto/banda sonora o título independiente lat
044 ## - CÓDIGO DEL PAÍS DE LA ENTIDAD EDITORA/PRODUCTORA
Código MARC del país sp
084 ## - OTRO NÚMERO DE CLASIFICACIÓN
Número de clasificación BE154
Número de documento/Ítem .L67 1721
100 1# - ENTRADA PRINCIPAL--NOMBRE DE PERSONA
Nombre de persona Lossada, Ludovico de
9 (RLIN) 22507
245 10 - MENCIÓN DE TÍTULO
Título Institutiones dialecticae, vulgo summulae, ad primam partem philosophici cursus pertinentes
Mención de responsabilidad, etc. authore R. P. Ludovico de Lossada.
260 ## - PUBLICACIÓN, DISTRIBUCIÓN, ETC.
Lugar de publicación, distribución, etc. Salmanticae
Nombre del editor, distribuidor, etc. Ex typographia Francisci Garcia Onorato & San Miguel
Fecha de publicación, distribución, etc. 1721
300 ## - DESCRIPCIÓN FÍSICA
Extensión 194 p. (t.1)
Dimensiones 20.5 x 15 cm
500 ## - NOTA GENERAL
Nota general Estado físico: presenta encuadernación en pergamino con presencia del pez de plata
650 14 - PUNTO DE ACCESO ADICIONAL DE MATERIA--TÉRMINO DE MATERIA
Término de materia o nombre geográfico como elemento de entrada Filosofía
9 (RLIN) 14906
902 ## - CATALOGADOR
Iniciales CFM
942 ## - ELEMENTOS DE PUNTO DE ACCESO ADICIONAL (KOHA)
Fuente del sistema de clasificación o colocación Library of Congress Classification
Tipo de ítem Koha Libros
Holdings
Estado de retiro Estado de pérdida Estado dañado No para préstamo Localización permanente Ubicación/localización actual Fecha de adquisición Total de préstamos Signatura topográfica completa Código de barras Fecha visto por última vez Precio válido a partir de Tipo de ítem Koha
El ejemplar forma parte de la colección y puede ser consultado según las políticas vigentes.       Biblioteca del Museo Franz Mayer (Rogerio Casas-Alatriste) Biblioteca del Museo Franz Mayer (Rogerio Casas-Alatriste) 05/10/2017   BE154 .L67 1721 CFM00483 22/03/2019 22/03/2019 Libros